Enfoirés : Les Hymnes - Statistiques

Statistiques générales
  • Ce quiz a été pris 50 fois
    7 depuis la dernière actualisation
  • Le résultat moyen est 18 sur 42
Statistiques - réponses
Année Auteur / rice - compositeur / rice original·e TITRE % Correct
1989 Jean-Jacques Goldman La Chanson des Restos
100%
2013 Jean-Jacques Goldman Attention au départ
67%
2016 Paul Éluard (réécrit par Marc Lavoine et Richard Mortier) Liberté
67%
2026 Santa Tout se casse
67%
2007 Jean Ferrat/Louis Aragon Aimer à perdre la raison
50%
2000 Jean-Jacques Goldman Au bout de mes rêves
50%
1992 Georges Brassens Chanson pour l'Auvergnat
50%
1999 Charles Aznavour Emmenez-moi
50%
2012 Jean-Jacques Goldman et Grégoire Encore un autre hiver
50%
2009 Status Quo (réécrit par Jean-Jacques Goldman) Ici les Enfoirés
50%
2024 Patrick Bruel et Ycare Jusqu'au dernier
50%
2017 Grégoire et MC Solaar Juste une p'tite chanson
50%
2014 Jean-Jacques Goldman et Frédéric Chateau La Chanson du bénévole
50%
2008 Françoise Hardy L'amitié
50%
2001 Laurent Voulzy Le pouvoir des fleurs
50%
2006 Alain Chamfort Le temps qui court
50%
2011 Indochine (réécrit par Mickaël Furnon) On demande pas la lune
50%
2018 Soprano On fait le show
50%
2019 Vianney On trace
50%
2010 Kiss (réécrit par Jean-Jacques Goldman et Bénabar) Si l'on s'aimait si
50%
2010 Grégoire Ta main
50%
2004 Daniel Balavoine Tous les cris les SOS
50%
2004 Gérard Blanc Une autre histoire
50%
2020 Boulevard des Airs À côté de toi
33%
1998 Florent Pagny Bienvenue chez moi
33%
2000 Florent Pagny Chanter
33%
1996 Hair Laissons entrer le soleil
33%
2021 Slimane Maintenant
33%
1995 Michel Polnareff On ira tous au paradis
33%
2002 Mylène Farmer Rêver
33%
2023 Amir, Nazim Khaled et Nyadjiko Rêvons
33%
1997 Laurent Voulzy Rockollection
33%
2015 Jean-Jacques Goldman Toute la vie
33%
2005 Francis Cabrel Tout le monde y pense
33%
1994 Téléphone Un autre monde
33%
2011 Phil Collins (réécrit par Jean-Jacques Goldman) Un jour de plus au paradis
33%
2008 Gold Ville de lumière
33%
2022 Jacques Veneruso Il y aura toujours un rendez-vous
17%
2025 Joseph Kamel et Daysy Le monde demain
17%
1993 Starmania Le monde est stone
17%
2003 Raymond Lévesque Quand les hommes vivront d'amour
17%
1997 Daniel Balavoine Sauver l'amour
17%
Aucun quiz correspondant
Distribution des résultats
% des personnes avec chaque résultat
Percentile par nombre de réponses
Votre historique - résultats
Vous n’avez pas pris ce quiz depuis la dernière actualisation